[Event "Chigorin Memorial 27th"]
[Site "St Petersburg"]
[Date "2019.10.11"]
[Round "7"]
[White "Kardashevskiy, Evgeny"]
[Black "Kovalev, Vitaly"]
[Result "1-0"]
[WhiteElo "2428"]
[BlackElo "2240"]
[PlyCount "30"]
[EventDate "2019.10.05"]
[EventType "swiss"]
[EventRounds "9"]
[EventCountry "RUS"]
[SourceTitle "EXT 2021"]
[Source "ChessBase"]
[SourceDate "2020.10.23"]
[SourceVersion "1"]
[SourceVersionDate "2020.10.23"]
[SourceQuality "1"]

1. d4 g6 2. Nf3 Bg7 3. c4 d6 4. g3 c5 5. Bg2 cxd4 6. Nxd4 Nf6 7. Nc3 0-0 8. 0-0 a6 9. b3 Qc7 10. Bb2 Nc6 11. Rc1 Nxd4 12. Qxd4 Be6 13. e4 Rac8 14. Qd2 Qa5 15. Rfd1 Rfe8 1-0

[Event "Chigorin Memorial 27th"]
[Site "St Petersburg"]
[Date "2019.10.05"]
[Round "1"]
[White "Nuritdinov, Nizomitdin"]
[Black "Kovalev, Vitaly"]
[Result "1-0"]
[WhiteElo "1771"]
[BlackElo "2240"]
[PlyCount "149"]
[EventDate "2019.10.05"]
[EventType "swiss"]
[EventRounds "9"]
[EventCountry "RUS"]
[SourceTitle "EXT 2020"]
[Source "ChessBase"]
[SourceDate "2019.10.17"]
[SourceVersion "1"]
[SourceVersionDate "2019.10.17"]
[SourceQuality "1"]

1. d4 g6 2. g3 Bg7 3. Bg2 d6 4. e4 Nc6 5. c3 e5 6. Ne2 Nf6 7. 0-0 0-0 8. h3 Nd7 9. f4 f5 10. fxe5 dxe5 11. d5 Ne7 12. Bg5 Nf6 13. Nd2 h6 14. Bxf6 Bxf6 15. Qb3 Kh7 16. Rad1 Bg7 17. c4 fxe4 18. Nxe4 Nf5 19. c5 b6 20. g4 Nh4 21. Rxf8 Qxf8 22. Rf1 Qg8 23. Bh1 Ba6 24. Rf2 Rf8 25. Qe3 Bxe2 26. Qxe2 Kh8 27. Rxf8 Qxf8 28. Qf2 Qd8 29. d6 cxd6 30. cxd6 Kg8 31. Qc2 Qd7 32. Qc7 Qa4 33. Qd8+ Bf8 34. Qxh4 Qd1+ 35. Kh2 g5 36. Qf2 Bxd6 37. Qd2 Qxd2+ 38. Nxd2 e4+ 39. Kg1 Bc5+ 40. Kf1 e3 41. Nc4 b5 42. Na3 a6 43. Ke2 Kf7 44. Nc2 Kf6 45. Nxe3 Ke5 46. Nf5 h5 47. Ne3 h4 48. Kf3 Kd4 49. Ke2 Ke5 50. a3 a5 51. Bc6 b4 52. a4 Kf4 53. Nf1 Bd4 54. b3 Bc5 55. Kd3 Bb6 56. Kc4 Bd8 57. Kb5 Bc7 58. Kc4 Bd8 59. Kd5 Be7 60. Ke6 Bd8 61. Kf7 Bc7 62. Kg6 Bd8 63. Kh5 Bc7 64. Nd2 Bd6 65. Nf3 Bc7 66. Nd4 Ke5 67. Nf5 Bd8 68. Nh6 Kf6 69. Nf5 Ke5 70. Kg6 Kf4 71. Bd5 Ke5 72. Bc6 Kf4 73. Kh6 Ke5 74. Nxh4 Kd6 75. Bb5 1-0

[Event "St Petersburg Korchnoi Memorial op"]
[Site "St Petersburg"]
[Date "2019.08.20"]
[Round "7"]
[White "Kovalev, Vitaly"]
[Black "Usmanov, Vasily"]
[Result "1/2-1/2"]
[WhiteElo "2237"]
[BlackElo "2443"]
[PlyCount "82"]
[EventDate "2019.08.14"]
[EventType "swiss"]
[EventRounds "9"]
[EventCountry "RUS"]
[SourceTitle "CBM 192"]
[Source "ChessBase"]
[SourceDate "2019.10.31"]
[SourceVersion "1"]
[SourceVersionDate "2019.10.31"]
[SourceQuality "1"]

1. c4 e5 2. Nc3 d6 3. Nf3 f5 4. d4 e4 5. Ng5 Be7 6. Nh3 Nf6 7. e3 0-0 8. Nf4 c5 9. h4 Nc6 10. Be2 Ne8 11. dxc5 dxc5 12. Qd5+ Rf7 13. Qxd8 Bxd8 14. Bd2 Nf6 15. 0-0-0 Bc7 16. Ncd5 Nxd5 17. cxd5 Ne5 18. d6 Bxd6 19. Bc3 Nd3+ 20. Nxd3 exd3 21. Rxd3 Be7 22. Bf3 Be6 23. Bxb7 Rd8 24. Rxd8+ Bxd8 25. Bf3 Bxa2 26. Kc2 Rd7 27. Ra1 Bc4 28. g3 Bb6 29. Be5 Kf7 30. Bc6 Rd8 31. Kc3 Be2 32. Bf4 h6 33. e4 c4 34. Bd5+ Kf6 35. Be3 fxe4 36. Bxe4 Bxe3 37. fxe3 Ke5 38. Bc2 Rd7 39. Ra5+ Kf6 40. Ra6+ Ke5 41. Ra5+ Kf6 1/2-1/2

[Event "St Petersburg Korchnoi Memorial op"]
[Site "St Petersburg"]
[Date "2019.08.19"]
[Round "6"]
[White "Khadzhiev, Valery"]
[Black "Kovalev, Vitaly"]
[Result "0-1"]
[WhiteElo "2071"]
[BlackElo "2237"]
[PlyCount "98"]
[EventDate "2019.08.14"]
[EventType "swiss"]
[EventRounds "9"]
[EventCountry "RUS"]
[SourceTitle "CBM 192"]
[Source "ChessBase"]
[SourceDate "2019.10.31"]
[SourceVersion "1"]
[SourceVersionDate "2019.10.31"]
[SourceQuality "1"]

1. d4 g6 2. e4 Bg7 3. c4 d6 4. Nc3 Nc6 5. Be3 e5 6. Nge2 Nf6 7. f3 0-0 8. Qd2 a6 9. d5 Ne7 10. c5 Ne8 11. g4 f5 12. h3 dxc5 13. Bxc5 Nd6 14. b3 b6 15. Be3 b5 16. Bg2 Bd7 17. 0-0 h5 18. g5 h4 19. Bf2 Nec8 20. Bxh4 f4 21. Rae1 Bh6 22. Nd1 Bxg5 23. Bxg5 Qxg5 24. Nf2 a5 25. Rc1 Ra7 26. Rc2 b4 27. Rfc1 Nb5 28. Ng4 Ncd6 29. Rb1 Rf7 30. Qc1 Re7 31. Qe1 Kf7 32. Qf2 Ra8 33. Rbc1 Rh8 34. Kf1 Bc8 35. Ke1 Rh7 36. Rc5 Ke8 37. Ng1 Rhf7 38. Bf1 Nc3 39. Bd3 Rh7 40. Rxa5 Bxg4 41. hxg4 Rh1 42. Ra8+ Kf7 43. Bf1 Ndxe4 44. fxe4 Nxe4 45. Nf3 Qxg4 46. Qe2 Qf5 47. d6 Nxd6 48. Nd2 e4 49. Qg2 e3 0-1

[Event "Izmailov Memorial op 17th"]
[Site "Tomsk"]
[Date "2013.06.14"]
[Round "4"]
[White "Kovalev, Vitaly"]
[Black "Zakhartsov, Vladimir"]
[Result "1-0"]
[WhiteElo "2103"]
[BlackElo "2319"]
[PlyCount "97"]
[EventDate "2013.06.11"]
[EventType "swiss"]
[EventRounds "9"]
[EventCountry "RUS"]
[SourceTitle "CBM 154 Extra"]
[Source "ChessBase"]
[SourceDate "2013.06.25"]
[SourceVersion "2"]
[SourceVersionDate "2013.06.25"]
[SourceQuality "1"]

1. c4 Nf6 2. Nc3 e5 3. Nf3 Nc6 4. a3 e4 5. Ng5 Qe7 6. g3 h6 7. Nh3 Ne5 8. Bg2 Nxc4 9. 0-0 Nb6 10. f3 d5 11. fxe4 Nxe4 12. Nf4 c6 13. Nxe4 dxe4 14. b4 h5 15. Qb3 g5 16. Bb2 Rh6 17. Nh3 Be6 18. Qc2 Nc4 19. Bd4 h4 20. g4 Qd7 21. e3 Be7 22. Bxe4 Bxg4 23. Nxg5 Nd6 24. Nf3 Nxe4 25. Qxe4 Bf5 26. Qf4 Rg6+ 27. Kf2 Rg4 28. Qh6 Bf8 29. Qh5 Re4 30. d3 Bg6 31. Qh8 Re6 32. Qxh4 Be7 33. Qh8+ Bf8 34. Bc5 0-0-0 35. Bxf8 Qxd3 36. Rfe1 Ree8 37. Qh3+ Bf5 38. Qf1 Qc2+ 39. Re2 Qc3 40. Bc5 Bd3 41. Qh3+ Kb8 42. Rea2 Bc2 43. Bd4 Qd3 44. Rc1 Bb3 45. Rd2 Qe4 46. Qh4 Qe6 47. Qf6 Qh3 48. Be5+ Kc8 49. Rxc6+ 1-0

[Event "Izmailov Memorial op 17th"]
[Site "Tomsk"]
[Date "2013.06.12"]
[Round "2"]
[White "Kovalev, Vitaly"]
[Black "Akhmetov, Ayan"]
[Result "0-1"]
[WhiteElo "2103"]
[BlackElo "2318"]
[PlyCount "64"]
[EventDate "2013.06.11"]
[EventType "swiss"]
[EventRounds "9"]
[EventCountry "RUS"]
[SourceTitle "CBM 154 Extra"]
[Source "ChessBase"]
[SourceDate "2013.06.25"]
[SourceVersion "2"]
[SourceVersionDate "2013.06.25"]
[SourceQuality "1"]

1. c4 c6 2. Nc3 Nf6 3. e4 d6 4. d4 Nbd7 5. g3 e5 6. Nge2 Qc7 7. Bg2 a6 8. Qc2 g6 9. dxe5 dxe5 10. b3 Be7 11. 0-0 0-0 12. h3 Nc5 13. f4 b5 14. cxb5 axb5 15. Be3 b4 16. Nd1 Ba6 17. Bxc5 Bxc5+ 18. Qxc5 Bxe2 19. Rf2 Bd3 20. Qe3 Rfd8 21. Nb2 Bb5 22. Qc5 Nh5 23. Qxb4 Nxg3 24. f5 Ne2+ 25. Kh1 Qa7 26. Qe1 Rd2 27. Nc4 Bxc4 28. bxc4 Ng3+ 29. Kg1 Rc2 30. fxg6 fxg6 31. Bf3 Nh1 32. Bxh1 Rf8 0-1

[Event "Izmailov Memorial op 17th"]
[Site "Tomsk"]
[Date "2013.06.11"]
[Round "1"]
[White "Shirokov, Alexander"]
[Black "Kovalev, Vitaly"]
[Result "0-1"]
[WhiteElo "1988"]
[BlackElo "2103"]
[PlyCount "58"]
[EventDate "2013.06.11"]
[EventType "swiss"]
[EventRounds "9"]
[EventCountry "RUS"]
[SourceTitle "CBM 154 Extra"]
[Source "ChessBase"]
[SourceDate "2013.06.25"]
[SourceVersion "2"]
[SourceVersionDate "2013.06.25"]
[SourceQuality "1"]

1. e4 c5 2. c3 d6 3. d4 cxd4 4. cxd4 g6 5. Bc4 Nf6 6. Nc3 Bg7 7. f3 Nc6 8. Nge2 0-0 9. Be3 a6 10. Rc1 b5 11. Bd3 Bb7 12. 0-0 Rc8 13. Qd2 Nd7 14. Bb1 Nb6 15. b3 b4 16. Nd5 Nxd5 17. exd5 Nb8 18. Rxc8 Qxc8 19. Rc1 Qd7 20. Qxb4 Bxd5 21. Qa5 e6 22. Rc7 Qd8 23. Qc3 Nd7 24. Bd3 Nc5 25. Ra7 Qb8 26. Rxa6 Nxa6 27. Bxa6 Qa7 28. Bb5 Qxa2 29. Ba4 Qxe2 0-1

[Event "Izmailov Memorial op 16th"]
[Site "Tomsk"]
[Date "2012.08.09"]
[Round "4"]
[White "Shkurikhin, Ilia"]
[Black "Kovalev, Vitaly"]
[Result "1-0"]
[WhiteElo "2398"]
[BlackElo "2092"]
[PlyCount "53"]
[EventDate "2012.08.06"]
[EventType "swiss"]
[EventRounds "9"]
[EventCountry "RUS"]
[SourceTitle "CBM 149 Extra"]
[Source "ChessBase"]
[SourceDate "2012.08.24"]
[SourceVersion "1"]
[SourceVersionDate "2012.08.24"]
[SourceQuality "1"]

1. f4 d5 2. Nf3 c5 3. g3 g6 4. Bg2 Bg7 5. 0-0 Nc6 6. d3 Nf6 7. Qe1 b6 8. e4 dxe4 9. dxe4 e5 10. fxe5 Ng4 11. Bg5 Qc7 12. h3 Ngxe5 13. Nc3 Nxf3+ 14. Rxf3 Nd4 15. Rd3 c4 16. Rd2 Bxh3 17. Nd5 Qc6 18. Qf2 Bxg2 19. Kxg2 Ne6 20. Bf6 a6 21. Rad1 Rg8 22. Bxg7 Rxg7 23. Qf6 Qb7 24. Qe5 Kf8 25. Nf6 Qc7 26. Rd6 g5 27. Nd7+ 1-0

[Event "Sibiria Region-ch"]
[Site "Barnaul"]
[Date "2011.05.28"]
[Round "9"]
[White "Ivakhinova, Inna"]
[Black "Kovalev, Vitaly"]
[Result "0-1"]
[WhiteElo "2326"]
[BlackElo "2060"]
[PlyCount "54"]
[EventDate "2011.05.20"]
[EventType "swiss"]
[EventRounds "9"]
[EventCountry "RUS"]
[SourceTitle "EXT 2012"]
[Source "ChessBase"]
[SourceDate "2011.11.24"]
[SourceVersion "1"]
[SourceVersionDate "2011.11.24"]
[SourceQuality "1"]

1. d4 Nf6 2. c4 g6 3. Nc3 Bg7 4. e4 d6 5. Nf3 0-0 6. h3 e5 7. d5 a5 8. Bg5 Na6 9. Nd2 Qe8 10. g4 Nd7 11. a3 Ndc5 12. h4 f5 13. gxf5 gxf5 14. Rg1 Kh8 15. b4 Nxe4 16. Ncxe4 fxe4 17. Nxe4 Bf5 18. Ng3 axb4 19. Nxf5 Rxf5 20. axb4 Nxb4 21. Rxa8 Qxa8 22. Bd2 Qa2 23. Qg4 Rf7 24. Qc8+ Rf8 25. Qg4 Nc2+ 26. Kd1 Qb1+ 27. Bc1 Bh6 0-1

[Event "Sibiria Region-ch"]
[Site "Barnaul"]
[Date "2011.05.23"]
[Round "4"]
[White "Kovalev, Vitaly"]
[Black "Malyshev, Sergey"]
[Result "0-1"]
[WhiteElo "2060"]
[BlackElo "2311"]
[PlyCount "101"]
[EventDate "2011.05.20"]
[EventType "swiss"]
[EventRounds "9"]
[EventCountry "RUS"]
[SourceTitle "EXT 2012"]
[Source "ChessBase"]
[SourceDate "2011.11.24"]
[SourceVersion "1"]
[SourceVersionDate "2011.11.24"]
[SourceQuality "1"]

1. c4 Nf6 2. Nc3 e6 3. e4 c5 4. f4 d5 5. e5 Nfd7 6. cxd5 exd5 7. Nf3 d4 8. Ne4 Nc6 9. Be2 Nb6 10. d3 Be6 11. 0-0 Be7 12. Nfg5 Bd5 13. e6 Bxe6 14. Nxe6 fxe6 15. Bg4 Qd5 16. Ng5 Bxg5 17. Bxe6 Qxe6 18. Re1 Qxe1+ 19. Qxe1+ Be7 20. Qe6 Nd7 21. f5 Rf8 22. Bf4 0-0-0 23. b4 Rf6 24. Qe4 cxb4 25. g4 Nc5 26. Qe2 Rff8 27. Rc1 b6 28. Qf3 Kb7 29. Re1 Bd6 30. Bxd6 Rxd6 31. g5 Rd7 32. h4 Rdf7 33. h5 Rxf5 34. Re7+ Ka6 35. Qxc6 Rxg5+ 36. Kh2 Rxh5+ 37. Kg2 Rg5+ 38. Kh3 Rf6 39. Qc8+ Kb5 40. Qe8+ Ka5 41. Rxa7+ Na6 42. Rxa6+ Kxa6 43. Qa4+ Ra5 44. Qxb4 Rc6 45. Qxd4 Rxa2 46. Qd5 Rac2 47. Qd8 h5 48. d4 Rd2 49. Qa8+ Kb5 50. Qd8 Rd3+ 51. Kh4 0-1

[Event "Berdsk Maestro op 16th"]
[Site "Berdsk"]
[Date "2010.07.09"]
[Round "2"]
[White "Kovalev, Vitaly"]
[Black "Maleev, Pavel"]
[Result "0-1"]
[WhiteElo "1997"]
[BlackElo "2142"]
[PlyCount "121"]
[EventDate "2010.07.08"]
[EventType "swiss"]
[EventRounds "9"]
[EventCountry "RUS"]
[SourceTitle "EXT 2011"]
[Source "ChessBase"]
[SourceDate "2010.11.26"]
[SourceVersion "1"]
[SourceVersionDate "2010.11.26"]
[SourceQuality "1"]

1. c4 Nf6 2. Nc3 g6 3. e4 d6 4. d4 Bg7 5. f3 0-0 6. Be3 Nc6 7. Nge2 a6 8. Qd2 Rb8 9. Nc1 e5 10. d5 Nd4 11. Nb3 Nxb3 12. axb3 c5 13. b4 cxb4 14. Na4 Nh5 15. Bb6 Qe7 16. c5 f5 17. cxd6 Qxd6 18. Bd3 Rf7 19. 0-0 Nf4 20. Bc4 Bh6 21. Qe1 Qf6 22. g3 Nh3+ 23. Kh1 Bd7 24. Bc7 Rc8 25. d6 Be6 26. Bxe6 Qxe6 27. Nc5 Qc4 28. d7 Rxd7 29. Nxd7 Qxc7 30. Qd1 Qc2 31. Nf6+ Kf7 32. Nd7 Qxd1 33. Raxd1 Rc2 34. Nxe5+ Ke6 35. Nd3 fxe4 36. Rfe1 e3 37. f4 Nf2+ 38. Nxf2 Rxf2 39. Rxe3+ Kf5 40. b3 Bg7 41. Rde1 Bc3 42. R1e2 Rf1+ 43. Kg2 Rb1 44. Re6 Rxb3 45. h3 h5 46. R2e3 g5 47. fxg5 Kxg5 48. Rf3 Rb2+ 49. Kf1 Rh2 50. h4+ Kg4 51. Rd3 a5 52. Re4+ Kf5 53. Rf4+ Ke5 54. Kg1 Rc2 55. Rd7 b3 56. Re7+ Kd6 57. Rxb7 b2 58. Rf1 Rc1 59. Rb8 a4 60. Rd8+ Kc7 61. Rdd1 0-1

[Event "Berdsk Maestro op 16th"]
[Site "Berdsk"]
[Date "2010.07.08"]
[Round "1"]
[White "Pavlov, Oleg Yuryevich"]
[Black "Kovalev, Vitaly"]
[Result "0-1"]
[WhiteElo "2297"]
[BlackElo "1997"]
[PlyCount "72"]
[EventDate "2010.07.08"]
[EventType "swiss"]
[EventRounds "9"]
[EventCountry "RUS"]
[SourceTitle "EXT 2011"]
[Source "ChessBase"]
[SourceDate "2010.11.26"]
[SourceVersion "1"]
[SourceVersionDate "2010.11.26"]
[SourceQuality "1"]

1. d4 Nf6 2. Nf3 g6 3. c4 Bg7 4. Nc3 0-0 5. e4 d6 6. Be2 e5 7. 0-0 Nc6 8. d5 Ne7 9. Ne1 Ne8 10. Be3 f5 11. f3 f4 12. Bf2 g5 13. c5 h5 14. a4 a5 15. Nc2 Rf6 16. Na3 Rg6 17. cxd6 cxd6 18. Nc4 g4 19. Bb6 Qd7 20. Bxa5 Rxa5 21. Nxa5 Qd8 22. Nc4 g3 23. Qb3 Nf5 24. h3 Nd4 25. Qb6 Qh4 26. Rfd1 Bxh3 27. Kf1 Bxg2+ 28. Ke1 Bxf3 29. Bxf3 Nxf3+ 30. Ke2 Nd4+ 31. Kd3 g2 32. Nd2 f3 33. Nxf3 Qh3 34. Qxb7 Qxf3+ 35. Kc4 Nc2 36. Ra3 Qxd1 0-1

[Event "Moscow op-B"]
[Site "Moscow"]
[Date "2010.02.07"]
[Round "9.30"]
[White "Kovalev, Vitaly"]
[Black "Tarasova, Viktoriya"]
[Result "0-1"]
[WhiteElo "1954"]
[BlackElo "2290"]
[PlyCount "78"]
[EventDate "2010.01.30"]
[EventType "swiss"]
[EventRounds "9"]
[EventCountry "RUS"]
[SourceTitle "EXT 2023"]
[Source "ChessBase"]
[SourceDate "2022.10.05"]
[SourceVersion "1"]
[SourceVersionDate "2022.10.05"]
[SourceQuality "1"]

1. c4 Nf6 2. Nc3 e5 3. Nf3 Nc6 4. e3 Bb4 5. Qc2 0-0 6. Nd5 Bc5 7. a3 a5 8. b3 d6 9. Bb2 Bd7 10. Nc3 Re8 11. Be2 Bg4 12. Ng5 Bd7 13. h4 Ne7 14. g4 Bc6 15. Rh2 Qd7 16. 0-0-0 h6 17. Rg1 Ng6 18. Bd3 hxg5 19. Bxg6 fxg6 20. hxg5 Nh7 21. Qxg6 Nf8 22. Qh5 Qe6 23. f4 Qg6 24. Qh4 exf4 25. Rf1 f3 26. Nd5 Bxd5 27. cxd5 Nh7 28. Rxf3 Rf8 29. Rf5 Rxf5 30. gxf5 Qxf5 31. g6 Qxg6 32. Qh3 Rf8 33. Bc3 Qf5 34. Qg3 Rf7 35. Qh4 Bb6 36. Qd8+ Nf8 37. Qh4 Qh7 38. Qxh7+ Nxh7 39. Rg2 Nf6 0-1

[Event "RUS-ch U14"]
[Site "Dagomys"]
[Date "2009.04.21"]
[Round "7"]
[White "Letov, Petr"]
[Black "Kovalev, Vitaly"]
[Result "1-0"]
[WhiteElo "2166"]
[BlackElo "1950"]
[PlyCount "75"]
[EventDate "2009.04.15"]
[EventType "swiss"]
[EventRounds "9"]
[EventCountry "RUS"]
[SourceTitle "EXT 2012"]
[Source "ChessBase"]
[SourceDate "2011.11.24"]
[SourceVersion "1"]
[SourceVersionDate "2011.11.24"]
[SourceQuality "1"]

1. e4 c5 2. Nf3 d6 3. d4 cxd4 4. Nxd4 Nf6 5. Nc3 a6 6. Be3 e5 7. Nb3 Be6 8. Qd2 Nbd7 9. 0-0-0 Rc8 10. f3 h5 11. Bg5 Qc7 12. Kb1 b5 13. Nd5 Nxd5 14. exd5 Bf5 15. Bd3 Bxd3 16. Qxd3 Qc4 17. Qd2 g6 18. Rhe1 Bg7 19. Na5 Qc7 20. Nc6 f6 21. Be3 Kf7 22. f4 f5 23. h3 e4 24. g4 Nb6 25. gxf5 gxf5 26. Bd4 Nc4 27. Qe2 Bxd4 28. Nxd4 Kf6 29. Rg1 e3 30. Rg5 Qd7 31. Rdg1 Rh6 32. Qd3 Nd2+ 33. Ka1 Ne4 34. Rxf5+ Qxf5 35. Nxf5 Kxf5 36. Qxe3 Rxc2 37. Re1 Nf2 38. Kb1 1-0

[Event "RUS-ch U14"]
[Site "Dagomys"]
[Date "2009.04.20"]
[Round "6"]
[White "Kovalev, Vitaly"]
[Black "Rychkov, Oleg"]
[Result "1-0"]
[WhiteElo "1950"]
[BlackElo "2063"]
[PlyCount "67"]
[EventDate "2009.04.15"]
[EventType "swiss"]
[EventRounds "9"]
[EventCountry "RUS"]
[SourceTitle "EXT 2012"]
[Source "ChessBase"]
[SourceDate "2011.11.24"]
[SourceVersion "1"]
[SourceVersionDate "2011.11.24"]
[SourceQuality "1"]

1. c4 c6 2. Nc3 d5 3. d4 e6 4. e4 dxe4 5. Nxe4 Bb4+ 6. Bd2 Qxd4 7. Bxb4 Qxe4+ 8. Be2 Na6 9. Bc3 f6 10. Qd6 e5 11. Rd1 Kf7 12. Nf3 Bg4 13. h3 Bxf3 14. gxf3 Qf5 15. Rg1 g6 16. c5 Ne7 17. Bc4+ Kf8 18. Bd2 g5 19. Bd3 e4 20. fxe4 Qe5 21. Qxe5 fxe5 22. Bxg5 Nxc5 23. Bc4 Ng8 24. Rg3 b5 25. Rf3+ Kg7 26. Rf7+ Kg6 27. Rd6+ Kxg5 28. Rf5+ Kh4 29. Bxg8 h5 30. Bf7 Nxe4 31. Re6 Ng5 32. Rexe5 Nxh3 33. Re4+ Nf4 34. Rexf4+ 1-0

[Event "RUS-ch U14"]
[Site "Dagomys"]
[Date "2009.04.17"]
[Round "3"]
[White "Oganian, Miran"]
[Black "Kovalev, Vitaly"]
[Result "1-0"]
[WhiteElo "2055"]
[BlackElo "1950"]
[PlyCount "93"]
[EventDate "2009.04.15"]
[EventType "swiss"]
[EventRounds "9"]
[EventCountry "RUS"]
[SourceTitle "EXT 2012"]
[Source "ChessBase"]
[SourceDate "2011.11.24"]
[SourceVersion "1"]
[SourceVersionDate "2011.11.24"]
[SourceQuality "1"]

1. d4 Nf6 2. c4 g6 3. Nc3 Bg7 4. e4 d6 5. Nf3 0-0 6. Be2 e5 7. Be3 Nc6 8. d5 Ne7 9. Nd2 Ne8 10. 0-0 f5 11. f3 Nf6 12. c5 f4 13. Bf2 g5 14. cxd6 cxd6 15. Rc1 a6 16. Na4 h5 17. Bb6 Qe8 18. Nc4 g4 19. Nxd6 Qg6 20. Nxc8 Raxc8 21. Rxc8 Nxc8 22. Bc7 gxf3 23. Bxf3 Nd7 24. Nc3 Nd6 25. Bxh5 Qf6 26. Bf3 Nc4 27. Qe2 Ne3 28. Re1 Rc8 29. d6 Bf8 30. Qd3 Qe6 31. b4 Kh8 32. Rb1 Nc4 33. Qd5 Qxd5 34. Nxd5 Nxd6 35. Bg4 Rxc7 36. Nxc7 Nf6 37. Bf3 Ndxe4 38. Bxe4 Nxe4 39. Re1 Nf6 40. Rxe5 Bxb4 41. Nd5 Nxd5 42. Rxd5 b6 43. Kf2 Kg7 44. Kf3 Kf6 45. Kxf4 Ke6 46. Ke4 Bc3 47. a4 1-0

[Event "RUS-ch U14"]
[Site "Dagomys"]
[Date "2009.04.15"]
[Round "1"]
[White "Nikologorskiy, Konstantin"]
[Black "Kovalev, Vitaly"]
[Result "1/2-1/2"]
[WhiteElo "2149"]
[BlackElo "1950"]
[PlyCount "110"]
[EventDate "2009.04.15"]
[EventType "swiss"]
[EventRounds "9"]
[EventCountry "RUS"]
[SourceTitle "CBM 130 Extra"]
[Source "ChessBase"]
[SourceDate "2009.07.02"]
[SourceVersion "2"]
[SourceVersionDate "2009.07.15"]
[SourceQuality "1"]

1. e4 c5 2. Nf3 d6 3. d4 cxd4 4. Nxd4 Nf6 5. Nc3 a6 6. Bc4 e6 7. Bb3 Be7 8. 0-0 Qc7 9. a4 b6 10. Be3 0-0 11. f3 Nc6 12. Nxc6 Qxc6 13. Qd2 Bb7 14. Rfd1 Rfd8 15. a5 b5 16. Bb6 Re8 17. Be3 Nd7 18. Bf4 Rad8 19. Qf2 Nc5 20. Rac1 Bf6 21. Qg3 b4 22. Na2 Qb5 23. Bxd6 Qxa5 24. e5 Be7 25. Bxe7 Rxe7 26. Nxb4 Red7 27. Rxd7 Rxd7 28. Qe1 Qb6 29. Kh1 a5 30. Na2 a4 31. Bc4 Qxb2 32. h3 g6 33. Qc3 Qb6 34. Nb4 Rd8 35. Nd3 Rc8 36. Ra1 Qc6 37. Nb4 Qc7 38. Be2 Qa5 39. Nd5 Qxc3 40. Nxc3 Ra8 41. Ra3 Bc6 42. Bb5 Bxb5 43. Nxb5 Nd7 44. f4 Nb6 45. Nd6 Nd5 46. g3 Nb4 47. c3 Nc2 48. Ra2 Ne3 49. Kg1 a3 50. c4 Kf8 51. c5 Nd5 52. c6 Ra6 53. Kg2 Rxc6 54. Rxa3 Rc2+ 55. Kf3 Rc3+ 1/2-1/2

[Event "Izmailov Memorial op 12th"]
[Site "Tomsk"]
[Date "2008.07.03"]
[Round "9"]
[White "Kuznesov, Andrei"]
[Black "Kovalev, Vitaly"]
[Result "1-0"]
[WhiteElo "2295"]
[BlackElo "1937"]
[PlyCount "63"]
[EventDate "2008.06.25"]
[EventType "swiss"]
[EventRounds "9"]
[EventCountry "RUS"]
[SourceTitle "CBM 125 Extra"]
[Source "ChessBase"]
[SourceDate "2008.09.01"]
[SourceVersion "1"]
[SourceVersionDate "2008.09.01"]
[SourceQuality "1"]

1. e4 c5 2. Nf3 d6 3. d4 cxd4 4. Qxd4 a6 5. c4 Nc6 6. Qd2 Nf6 7. Nc3 e6 8. b3 Be7 9. Bb2 Qc7 10. Bd3 0-0 11. 0-0 b6 12. Rac1 Bb7 13. Bb1 Rac8 14. Rfd1 Qb8 15. Qe3 Nd7 16. Bd3 Rfe8 17. Bf1 Bf8 18. Rd2 Nc5 19. Rcd1 h6 20. Qf4 Rcd8 21. Ba3 Be7 22. b4 Nd7 23. b5 e5 24. Qg3 axb5 25. cxb5 Nd4 26. Nxd4 exd4 27. Rxd4 Bf6 28. Bxd6 Qc8 29. Rc4 Qa8 30. Ra4 Qc8 31. Rc4 Qa8 32. Bc7 1-0

[Event "Izmailov Memorial op 12th"]
[Site "Tomsk"]
[Date "2008.07.01"]
[Round "7"]
[White "Bondarenko, Evgenij"]
[Black "Kovalev, Vitaly"]
[Result "1/2-1/2"]
[WhiteElo "2206"]
[BlackElo "1937"]
[PlyCount "89"]
[EventDate "2008.06.25"]
[EventType "swiss"]
[EventRounds "9"]
[EventCountry "RUS"]
[SourceTitle "CBM 125 Extra"]
[Source "ChessBase"]
[SourceDate "2008.09.01"]
[SourceVersion "1"]
[SourceVersionDate "2008.09.01"]
[SourceQuality "1"]

1. e4 c5 2. d4 cxd4 3. Nf3 d6 4. Nxd4 Nf6 5. Nc3 a6 6. Bc4 e6 7. 0-0 Be7 8. Qf3 Qc7 9. Be2 0-0 10. Qg3 Nbd7 11. Bh6 Ne8 12. a4 b6 13. Nb3 Bb7 14. Rfd1 Bf6 15. Rd3 Ne5 16. Rd4 Ng6 17. Rc4 Qe7 18. Be3 d5 19. exd5 exd5 20. Rg4 h5 21. Rxg6 fxg6 22. Qxg6 Be5 23. Qxb6 Nd6 24. Bd3 Rac8 25. Bd4 Rf6 26. Bxa6 Bxd4 27. Nxd4 Re8 28. Rf1 Bxa6 29. Qxa6 Qe5 30. Qd3 Nc4 31. b3 Nb6 32. a5 Nd7 33. Nf3 Qd6 34. Nxd5 Rg6 35. b4 Ne5 36. Nxe5 Rxe5 37. c4 Reg5 38. g3 h4 39. Qe4 hxg3 40. Ne7+ Qxe7 41. Qxe7 gxh2+ 42. Kh1 Rg1+ 43. Kxh2 Rxf1 44. Qe2 Rfg1 45. f4 1/2-1/2

[Event "Izmailov Memorial op 12th"]
[Site "Tomsk"]
[Date "2008.06.26"]
[Round "2"]
[White "Kovalev, Vitaly"]
[Black "Panov, Igor"]
[Result "0-1"]
[WhiteElo "1937"]
[BlackElo "2197"]
[PlyCount "52"]
[EventDate "2008.06.25"]
[EventType "swiss"]
[EventRounds "9"]
[EventCountry "RUS"]
[SourceTitle "CBM 125 Extra"]
[Source "ChessBase"]
[SourceDate "2008.09.01"]
[SourceVersion "1"]
[SourceVersionDate "2008.09.01"]
[SourceQuality "1"]

1. c4 Nf6 2. Nc3 d5 3. cxd5 Nxd5 4. Nf3 Nc6 5. g3 e5 6. Bg2 Be6 7. d3 Be7 8. 0-0 0-0 9. Nxd5 Bxd5 10. Be3 f5 11. Rc1 b6 12. Qa4 f4 13. Bd2 Qd6 14. Rc3 b5 15. Qxb5 Rab8 16. Qa6 Nd4 17. Qxd6 Nxe2+ 18. Kh1 Bxd6 19. Rc2 fxg3 20. Ng5 Bxg2+ 21. Kxg2 Nd4 22. Rcc1 Rxb2 23. Ne4 gxf2 24. Rxf2 Rxf2+ 25. Kxf2 Rxa2 26. Rb1 h6 0-1

[Event "RUS-chT Clubs U18"]
[Site "Rybinsk"]
[Date "2007.08.02"]
[Round "1.34"]
[White "Kovalev, Vitaly"]
[Black "Voit, Daria"]
[Result "0-1"]
[WhiteElo "1938"]
[BlackElo "2169"]
[PlyCount "70"]
[EventDate "2007.08.02"]
[EventType "team-swiss"]
[EventRounds "9"]
[EventCountry "RUS"]
[SourceTitle "EXT 2022"]
[Source "ChessBase"]
[SourceDate "2021.10.06"]
[SourceVersion "1"]
[SourceVersionDate "2021.10.06"]
[SourceQuality "1"]

1. c4 e6 2. Nc3 d5 3. d4 Be7 4. Nf3 Nf6 5. Bg5 h6 6. Bf4 0-0 7. e3 b6 8. Rc1 Bb7 9. cxd5 exd5 10. Bd3 c5 11. 0-0 Nbd7 12. Ne5 Nxe5 13. dxe5 Ne4 14. Bxe4 dxe4 15. Qg4 Qc8 16. Qxc8 Raxc8 17. Rfd1 Rfd8 18. b3 a6 19. Na4 Rxd1+ 20. Rxd1 Rd8 21. Rxd8+ Bxd8 22. e6 fxe6 23. Bd6 Bc6 24. Nb2 Bd5 25. Kf1 Kf7 26. Ke2 Ke8 27. Kd2 Bf6 28. Nc4 Kd7 29. Bb8 Bxc4 30. bxc4 b5 31. f3 exf3 32. gxf3 bxc4 33. e4 Kc6 34. e5 Bg5+ 35. Kc3 Kd5 0-1